Introducción a la lengua y cultura latinas para estudiantes de habla castellana

保存先:
書誌詳細
主要な著者: Trivelli Pozzi, Liliana (著者), Bravo Echeverría, Alejandro (著者), Sepúlveda Jara, Jorge (著者)
フォーマット: 図書
言語:スペイン語
ラテン語
出版事項: Santiago Universitaria 1983
版:1a. ed
主題:
タグ: タグ追加
タグなし, このレコードへの初めてのタグを付けませんか!

MARC

LEADER 00000nam a2200000 a 4500
001 UCJ5489
003 CL-VaPUC
008 070124e19830000CL |||||||||||||||||spa|d
041 0 7 |a spa  |2 CL-VaPUC 
041 0 7 |a lat  |2 CL-VaPUC 
082 0 4 |a 470  |b TRI  |2 21 
100 0 |a Trivelli Pozzi, Liliana  |e author  |9 510707 
700 0 |a Bravo Echeverría, Alejandro  |e author  |9 510708 
700 0 |a Sepúlveda Jara, Jorge  |e author  |9 510709 
245 1 0 |a Introducción a la lengua y cultura latinas para estudiantes de habla castellana 
250 |a 1a. ed 
300 |a 265 p 
942 |c BK 
945 |d 20070124 00:00:00  |a rinostro 
260 |a Santiago  |b Universitaria  |c 1983 
650 0 |a Lengua latina  |9 347368 
650 0 |a Latín   |9 269544 
583 |a last modification  |c 20070124 00:00:00  |k Rodrigo Vera 
999 |c 321598  |d 321596 
952 |0 0  |1 0  |4 0  |6 470_000000000000000_TRI_1983  |7 0  |8 X  |9 400379  |a FDOBUD  |b FDOBUD  |d 2019-11-22  |i 1035355  |o 470 TRI 1983  |p 1035355  |r 2019-11-22  |w 2019-11-22  |y BK_X  |k BUD